| 000 | 00576nam a2200205 4500 | ||
|---|---|---|---|
| 003 | OSt | ||
| 005 | 20260530113904.0 | ||
| 008 | 260507b1983 cn ||||| |||| 00| 0 eng d | ||
| 020 | _a0919963013 | ||
| 040 |
_aICI _bspa _cICI _erda |
||
| 041 | _aeng | ||
| 100 | 1 |
_aCanada Government _932612 |
|
| 245 | 1 | 0 | _aFitness: a Community Challenge / Digest of Fitness Events |
| 264 | 1 |
_aCanadien Parks / _bRecreation Association _c1983 |
|
| 300 | _a95 páginas | ||
| 336 |
_atexto _2rdacontent |
||
| 337 |
_asin medio _2rdamedia |
||
| 338 |
_avolumen _2rdacarrier |
||
| 942 |
_2lcc _cBK _n1 |
||
| 999 |
_c11886 _d11886 |
||